Качество электроснабжения промышленных потребителей: учебное пособие

Bibliographische Detailangaben
1. Verfasser: Лукутин Б. В. Борис Владимирович
Körperschaft: Национальный исследовательский Томский политехнический университет (ТПУ)
Weitere Verfasser: Муравлев И. О. Игорь Олегович, Муравлев А. И. Алексей Игоревич
Zusammenfassung:Качество электроснабжения представляется интегральной характеристикой, включающей в себя показатели надежности электроснабжения, каче­ства электрической энергии и энергоэффективности.Представленный комплекс лабораторных работ позволяет освоить со­временные средства измерения электрических параметров сети, инженерные методики расчета показателей качества электроснабжения, методы анализа и принятия технических решений по количественным значениям показателей.Пособие также содержит примеры решения индивидуальных заданий для студентов, изучающих дисциплину «Качество электроснабжения», что в сочетании с обширной практической частью позволяет обучающемуся эф­фективно организовывать самостоятельную работу.
Sprache:Russisch
Veröffentlicht: Томск, Изд-во ТПУ, 2014
Schlagworte:
Format: MixedMaterials Buch
KOHA link:https://koha.lib.tpu.ru/cgi-bin/koha/opac-detail.pl?biblionumber=251060

MARC

LEADER 00000nam0a2200000 4500
001 251060
005 20240119155845.0
035 |a (RuTPU)RU\TPU\book\273311 
090 |a 251060 
100 |a 20140218d2014 m f0rusy50 ba 
101 0 |a rus 
102 |a RU 
105 |a a j 001zy 
200 1 |a Качество электроснабжения промышленных потребителей  |e учебное пособие  |f Б. В. Лукутин, И. О. Муравлев, А. И. Муравлев  |g Национальный исследовательский Томский политехнический университет (ТПУ) 
210 |a Томск  |c Изд-во ТПУ  |d 2014 
215 |a 83 с.  |c ил. 
320 |a Библиогр.: с. 83. 
330 |a Качество электроснабжения представляется интегральной характеристикой, включающей в себя показатели надежности электроснабжения, каче­ства электрической энергии и энергоэффективности.Представленный комплекс лабораторных работ позволяет освоить со­временные средства измерения электрических параметров сети, инженерные методики расчета показателей качества электроснабжения, методы анализа и принятия технических решений по количественным значениям показателей.Пособие также содержит примеры решения индивидуальных заданий для студентов, изучающих дисциплину «Качество электроснабжения», что в сочетании с обширной практической частью позволяет обучающемуся эф­фективно организовывать самостоятельную работу. 
606 1 |a Промышленные предприятия  |x Электроснабжение  |x Надежность  |x Качество  |2 stltpush  |3 (RuTPU)RU\TPU\subj\52729  |9 71132 
610 1 |a лабораторные исследования 
610 1 |a безопасность 
610 1 |a техника безопасности 
610 1 |a измерительные приборы 
610 1 |a погрешность 
610 1 |a электрическая энергия 
610 1 |a потери 
610 1 |a отклонения 
610 1 |a промышленные электрические сети 
610 1 |a инженерные исследования 
610 1 |a расчет 
610 1 |a осциллографы 
610 1 |a осциллограммы 
610 1 |a расчетно-графические работы 
610 1 |a оформление 
610 1 |a труды учёных ТПУ 
675 |a 658.26:621.31.019(075.8)  |v 3 
700 1 |a Лукутин  |b Б. В.  |c специалист в области электротехники  |c профессор Томского политехнического университета, доктор технических наук  |f 1948-  |g Борис Владимирович  |3 (RuTPU)RU\TPU\pers\21974  |9 9293 
701 1 |a Муравлев  |b И. О.  |c специалист в области электротехники  |c доцент Томского политехнического университета, кандидат технических наук  |f 1962-  |g Игорь Олегович  |3 (RuTPU)RU\TPU\pers\26336  |9 12089 
701 1 |a Муравлев  |b А. И.  |c специалист в области электроснабжения промышленных предприятий  |c старший преподаватель Томского политехнического университета  |f 1984-  |g Алексей Игоревич  |3 (RuTPU)RU\TPU\pers\26847  |9 12466 
712 0 2 |a Национальный исследовательский Томский политехнический университет (ТПУ)  |c (2009- )  |3 (RuTPU)RU\TPU\col\15902 
801 1 |a RU  |b 63413507  |c 20140218 
801 2 |a RU  |b 63413507  |c 20220112  |g RCR 
942 |c BK